[Event "HUN-chT2 Maroczy 1314"]
[Site "Hungary"]
[Date "2014.04.27"]
[Round "11"]
[White "Revesz, Zoltan"]
[Black "Gyurkovics, Miklos"]
[Result "1/2-1/2"]
[WhiteElo "2235"]
[BlackElo "2137"]
[PlyCount "107"]
[EventDate "2013.09.08"]
[EventType "team-tourn"]
[EventRounds "11"]
[EventCountry "HUN"]
[SourceTitle "EXT 2016"]
[Source "ChessBase"]
[SourceDate "2015.10.08"]
[SourceVersion "1"]
[SourceVersionDate "2015.10.08"]
[SourceQuality "1"]
[WhiteTeam "Budapest Kobanya"]
[BlackTeam "Budapest Vasas"]
[WhiteTeamCountry "HUN"]
[BlackTeamCountry "HUN"]

1. e4 d6 2. d4 Nf6 3. Nc3 c6 4. Nf3 Bg4 5. h3 Bh5 6. Bd3 e6 7. g4 Bg6 8. Nh4 Nxe4 9. Nxe4 Bxe4 10. Bxe4 Qxh4 11. Bf4 d5 12. Bxb8 Rxb8 13. Bg2 Bd6 14. Qf3 0-0 15. 0-0 f5 16. Rae1 Rf6 17. Re2 h5 18. gxf5 Rxf5 19. Qe3 Rf6 20. Rfe1 Rbf8 21. c3 g5 22. Qd3 Qf4 23. Qg3 Qxg3 24. fxg3 Bxg3 25. Rf1 Kg7 26. Rxf6 Rxf6 27. Bf1 Kf7 28. Kg2 Bh4 29. Rc2 Rf4 30. Bd3 Kf6 31. Re2 c5 32. dxc5 e5 33. Bb5 e4 34. Be8 g4 35. Bxh5 gxh3+ 36. Kxh3 Bf2 37. Bg4 Bxc5 38. Bc8 b6 39. Bb7 Rf3+ 40. Kg2 Rd3 41. c4 dxc4 42. Bxe4 Rd1 43. Rc2 Bd4 44. Rxc4 Bxb2 45. a4 Ke5 46. Bc6 Bd4 47. Kf3 Rb1 48. Ke2 a6 49. Kd3 Rb3+ 50. Kc2 Rb2+ 51. Kc1 Rf2 52. Bb7 b5 53. axb5 axb5 54. Rb4 1/2-1/2

[Event "HUN-chT2 Maroczy 1314"]
[Site "Hungary"]
[Date "2013.10.20"]
[Round "3"]
[White "Revesz, Zoltan"]
[Black "Kerek, Krisztian"]
[Result "1/2-1/2"]
[WhiteElo "2235"]
[BlackElo "2280"]
[PlyCount "41"]
[EventDate "2013.09.08"]
[EventType "team-tourn"]
[EventRounds "11"]
[EventCountry "HUN"]
[SourceTitle "EXT 2016"]
[Source "ChessBase"]
[SourceDate "2015.10.08"]
[SourceVersion "1"]
[SourceVersionDate "2015.10.08"]
[SourceQuality "1"]
[WhiteTeam "Budapest Kobanya"]
[BlackTeam "Szigetszentmiklos"]
[WhiteTeamCountry "HUN"]
[BlackTeamCountry "HUN"]

1. e4 c5 2. c3 d6 3. d4 Qc7 4. Nf3 g6 5. Bf4 Bg7 6. Bd3 e5 7. dxe5 dxe5 8. Be3 Nf6 9. Na3 0-0 10. 0-0 b6 11. Qc2 Bb7 12. Nc4 b5 13. Ncd2 c4 14. Be2 Nbd7 15. Ne1 Nc5 16. f3 Rac8 17. b3 cxb3 18. Nxb3 Nxb3 19. Qxb3 Qxc3 20. Qxc3 Rxc3 21. Bd2 1/2-1/2

[Event "HUN-chT2 Maroczy 1314"]
[Site "Hungary"]
[Date "2013.08.22"]
[Round "2"]
[White "Csvila, Gabor"]
[Black "Revesz, Zoltan"]
[Result "1/2-1/2"]
[WhiteElo "2219"]
[BlackElo "2235"]
[PlyCount "32"]
[EventDate "2013.09.08"]
[EventType "team-tourn"]
[EventRounds "11"]
[EventCountry "HUN"]
[SourceTitle "EXT 2016"]
[Source "ChessBase"]
[SourceDate "2015.10.08"]
[SourceVersion "1"]
[SourceVersionDate "2015.10.08"]
[SourceQuality "1"]
[WhiteTeam "Kisujszallas"]
[BlackTeam "Budapest Kobanya"]
[WhiteTeamCountry "HUN"]
[BlackTeamCountry "HUN"]

1. d4 d5 2. c4 c6 3. cxd5 cxd5 4. Nf3 Nf6 5. Nc3 Nc6 6. Bf4 a6 7. e3 Nh5 8. Be5 f6 9. Bg3 g6 10. Qb3 e6 11. Be2 Nxg3 12. hxg3 Bg7 13. 0-0-0 Bd7 14. Kb1 Qa5 15. e4 0-0-0 16. Ka1 Ne7 1/2-1/2

[Event "Budapest FS06 FM-B"]
[Site "Budapest"]
[Date "2009.06.14"]
[Round "9"]
[White "Revesz, Zoltan"]
[Black "Schenkerik, Csaba"]
[Result "1-0"]
[WhiteElo "2258"]
[BlackElo "2215"]
[PlyCount "61"]
[EventDate "2009.06.06"]
[EventType "tourn"]
[EventRounds "11"]
[EventCountry "HUN"]
[SourceTitle "CBM 130 Extra"]
[Source "ChessBase"]
[SourceDate "2009.07.02"]
[SourceVersion "2"]
[SourceVersionDate "2009.07.15"]
[SourceQuality "1"]

1. e4 Nf6 2. e5 Nd5 3. d4 d6 4. c4 Nb6 5. exd6 exd6 6. Nc3 Be7 7. Qf3 Nc6 8. Be3 Nb4 9. 0-0-0 c6 10. a3 Na6 11. c5 Nd5 12. Nxd5 cxd5 13. Bxa6 bxa6 14. Qxd5 Rb8 15. Qc6+ Qd7 16. Qxd7+ Bxd7 17. Bf4 0-0 18. d5 Rb5 19. c6 Bf5 20. Ne2 Rc5+ 21. Nc3 g5 22. Be3 Rc4 23. Rd4 Rc5 24. Ra4 Rxc3+ 25. bxc3 Rb8 26. Rb4 Rb5 27. Rxb5 axb5 28. Bxa7 Bf6 29. Bd4 Bxd4 30. cxd4 Be4 31. c7 1-0

[Event "Budapest FS06 FM-B"]
[Site "Budapest"]
[Date "2009.06.10"]
[Round "5"]
[White "Steffenello, Leonardo"]
[Black "Revesz, Zoltan"]
[Result "1-0"]
[WhiteElo "2128"]
[BlackElo "2258"]
[PlyCount "63"]
[EventDate "2009.06.06"]
[EventType "tourn"]
[EventRounds "11"]
[EventCountry "HUN"]
[SourceTitle "CBM 130 Extra"]
[Source "ChessBase"]
[SourceDate "2009.07.02"]
[SourceVersion "2"]
[SourceVersionDate "2009.07.15"]
[SourceQuality "1"]

1. d4 d5 2. c4 c6 3. Nf3 Nf6 4. Qc2 e6 5. Nbd2 Nbd7 6. g3 Bd6 7. Bg2 0-0 8. 0-0 e5 9. cxd5 cxd5 10. dxe5 Nxe5 11. Nxe5 Bxe5 12. Nf3 Bd6 13. Be3 Bg4 14. Rad1 Qa5 15. Qb3 Bd7 16. Rd4 Qa6 17. Bg5 Bc5 18. Rf4 Ne4 19. Ne5 Be6 20. Qc2 Rac8 21. Bxe4 dxe4 22. Qxe4 f6 23. Rh4 fxe5 24. Qxh7+ Kf7 25. Qh5+ g6 26. Qh7+ Ke8 27. Qxg6+ Rf7 28. Rh8+ Bf8 29. Bh6 Ke7 30. Qg5+ Kd7 31. Bxf8 Rcxf8 32. Rd1+ 1-0

[Event "Gibraltar Masters 6th"]
[Site "Gibraltar"]
[Date "2008.01.27"]
[Round "6"]
[White "Papadopoulos, Ioannis K"]
[Black "Revesz, Zoltan"]
[Result "1-0"]
[WhiteElo "2444"]
[BlackElo "2283"]
[PlyCount "83"]
[EventDate "2008.01.22"]
[EventType "swiss"]
[EventRounds "10"]
[EventCountry "ENG"]
[SourceTitle "CBM 122 Extra"]
[Source "ChessBase"]
[SourceDate "2008.03.04"]
[SourceVersion "1"]
[SourceVersionDate "2008.03.04"]
[SourceQuality "1"]

1. e4 e5 2. Nf3 Nc6 3. Bb5 a6 4. Ba4 Nf6 5. 0-0 Be7 6. Re1 b5 7. Bb3 0-0 8. a4 Bb7 9. d3 d6 10. Nbd2 Na5 11. Ba2 c5 12. Nf1 b4 13. N3d2 Qc7 14. Ne3 g6 15. Ndc4 Nc6 16. c3 a5 17. Ng4 Nxg4 18. Qxg4 Bc8 19. Qg3 Bf6 20. f4 Qd8 21. Rf1 bxc3 22. bxc3 exf4 23. Bxf4 Bxc3 24. Rac1 Bd4+ 25. Kh1 Nb4 26. Bb3 d5 27. Bc7 Qe8 28. Nb6 Ra7 29. Bd6 c4 30. Nxc8 Qxc8 31. exd5 c3 32. Bxf8 Qxf8 33. d6 Kh8 34. Qf4 Bg7 35. Qc4 Rd7 36. Rxf7 Rxf7 37. Qxf7 Qxf7 38. Bxf7 Nxd3 39. d7 Bf6 40. Rxc3 Ne5 41. Rc8+ Kg7 42. Be6 1-0

[Event "Gibraltar Masters"]
[Site "Gibraltar"]
[Date "2007.01.23"]
[Round "1"]
[White "Revesz, Zoltan"]
[Black "Vijayalakshmi, Subbaraman"]
[Result "0-1"]
[WhiteElo "2245"]
[BlackElo "2459"]
[PlyCount "80"]
[EventDate "2007.01.23"]
[EventType "swiss"]
[EventRounds "9"]
[EventCountry "ENG"]
[SourceTitle "CBM 116 Extra"]
[Source "ChessBase"]
[SourceDate "2007.03.07"]
[SourceVersion "1"]
[SourceVersionDate "2007.03.07"]
[SourceQuality "1"]

1. e4 e5 2. Nf3 Nc6 3. d4 exd4 4. Nxd4 Nf6 5. Nxc6 bxc6 6. e5 Qe7 7. Qe2 Nd5 8. c4 Nb6 9. b3 a5 10. Bb2 a4 11. Qe3 Qb4+ 12. Bc3 axb3 13. Bxb4 b2 14. Qd4 Bxb4+ 15. Nd2 bxa1Q+ 16. Qxa1 0-0 17. Bd3 Re8 18. Kd1 Na4 19. Nb1 Nc5 20. Bc2 d6 21. Qb2 Na6 22. a3 Ba5 23. exd6 cxd6 24. Qd4 Be6 25. Kc1 d5 26. c5 Bd8 27. Nd2 Bf6 28. Qd3 g6 29. Nb3 Nc7 30. Qg3 Nb5 31. Qf4 Bg7 32. a4 Nc3 33. Qd6 Nxa4 34. Qxc6 Rec8 35. Qb7 d4 36. Re1 Bh6+ 37. Nd2 Nxc5 38. Qe7 d3 39. Bb1 Nb3+ 40. Kd1 Rc1# 0-1

[Event "Budapest FS12 IM-B"]
[Site "Budapest"]
[Date "2006.12.10"]
[Round "9"]
[White "Werner, Dimo"]
[Black "Revesz, Zoltan"]
[Result "1-0"]
[WhiteElo "2347"]
[BlackElo "2268"]
[PlyCount "59"]
[EventDate "2006.12.02"]
[EventType "tourn"]
[EventRounds "9"]
[EventCountry "HUN"]
[EventCategory "1"]
[SourceTitle "CBM 115 Extra"]
[Source "ChessBase"]
[SourceDate "2007.01.10"]
[SourceVersion "1"]
[SourceVersionDate "2007.01.10"]
[SourceQuality "1"]

1. d4 d5 2. c4 c6 3. Nf3 Nf6 4. e3 e6 5. Nc3 Nbd7 6. Qc2 Bd6 7. b3 0-0 8. Bb2 dxc4 9. Bxc4 e5 10. 0-0-0 Qe7 11. h4 a5 12. dxe5 Nxe5 13. Rxd6 Qxd6 14. Rd1 Qe7 15. Nxe5 Qxe5 16. Nd5 Qh5 17. Nxf6+ gxf6 18. Bxf6 Qf5 19. Qb2 b5 20. Bd3 Qh5 21. Qd4 c5 22. Qf4 Ra6 23. Bxb5 Rb6 24. Bc4 Qg6 25. Bc3 Re8 26. Rd5 h6 27. h5 Qh7 28. Bd3 f5 29. Bc4 Be6 30. Rxf5 1-0

[Event "Budapest FS12 IM-B"]
[Site "Budapest"]
[Date "2006.12.06"]
[Round "5"]
[White "Pirisi, Gabor"]
[Black "Revesz, Zoltan"]
[Result "1/2-1/2"]
[WhiteElo "2241"]
[BlackElo "2268"]
[PlyCount "33"]
[EventDate "2006.12.02"]
[EventType "tourn"]
[EventRounds "9"]
[EventCountry "HUN"]
[EventCategory "1"]
[SourceTitle "CBM 115 Extra"]
[Source "ChessBase"]
[SourceDate "2007.01.10"]
[SourceVersion "1"]
[SourceVersionDate "2007.01.10"]
[SourceQuality "1"]

1. e4 d5 2. exd5 Qxd5 3. Nc3 Qa5 4. d4 Nf6 5. Nf3 Bg4 6. h3 Bh5 7. g4 Bg6 8. Ne5 e6 9. Bg2 c6 10. 0-0 Nbd7 11. Qe2 Bd6 12. Nxg6 hxg6 13. Be3 0-0-0 14. a3 e5 15. b4 Qc7 16. dxe5 Nxe5 17. Bxa7 1/2-1/2

[Event "Budapest FS12 IM-B"]
[Site "Budapest"]
[Date "2006.12.05"]
[Round "4"]
[White "Revesz, Zoltan"]
[Black "Ernst, Michael"]
[Result "1-0"]
[WhiteElo "2268"]
[BlackElo "2177"]
[PlyCount "65"]
[EventDate "2006.12.02"]
[EventType "tourn"]
[EventRounds "9"]
[EventCountry "HUN"]
[EventCategory "1"]
[SourceTitle "CBM 115 Extra"]
[Source "ChessBase"]
[SourceDate "2007.01.10"]
[SourceVersion "1"]
[SourceVersionDate "2007.01.10"]
[SourceQuality "1"]

1. e4 e6 2. d4 d5 3. Nc3 Nf6 4. e5 Nfd7 5. f4 c5 6. Nf3 Nc6 7. Be3 a6 8. Qd2 b5 9. dxc5 Bxc5 10. Bxc5 Nxc5 11. Qf2 Qb6 12. Bd3 b4 13. Ne2 a5 14. Qg3 Nxd3+ 15. cxd3 0-0 16. Qf2 Qxf2+ 17. Kxf2 f6 18. Rac1 Bd7 19. Ke3 fxe5 20. fxe5 Rf5 21. Ned4 Nxd4 22. Kxd4 Be8 23. Rhf1 Bh5 24. Nd2 Raf8 25. Rxf5 Rxf5 26. Rf1 Rxf1 27. Nxf1 Kf8 28. Nd2 Ke7 29. Kc5 Be2 30. d4 Kd7 31. Kb6 a4 32. Ka5 b3 33. a3 1-0

[Event "Budapest FS12 IM-B"]
[Site "Budapest"]
[Date "2006.12.02"]
[Round "1"]
[White "Revesz, Zoltan"]
[Black "Vukovic, Ivo"]
[Result "1/2-1/2"]
[WhiteElo "2268"]
[BlackElo "2305"]
[PlyCount "23"]
[EventDate "2006.12.02"]
[EventType "tourn"]
[EventRounds "9"]
[EventCountry "HUN"]
[EventCategory "1"]
[SourceTitle "CBM 115 Extra"]
[Source "ChessBase"]
[SourceDate "2007.01.10"]
[SourceVersion "1"]
[SourceVersionDate "2007.01.10"]
[SourceQuality "1"]

1. e4 e5 2. Nf3 Nc6 3. Bb5 d6 4. d4 Bd7 5. Nc3 exd4 6. Nxd4 Nf6 7. Bg5 Be7 8. Nf5 Bxf5 9. exf5 0-0 10. 0-0 Re8 11. Re1 a6 12. Bxc6 1/2-1/2

[Event "Budapest FS10 IM"]
[Site "Budapest"]
[Date "2006.10.15"]
[Round "9"]
[White "Revesz, Zoltan"]
[Black "Adams, Nick A"]
[Result "0-1"]
[WhiteElo "2212"]
[BlackElo "2184"]
[PlyCount "76"]
[EventDate "2006.10.07"]
[EventType "tourn"]
[EventRounds "13"]
[EventCountry "HUN"]
[EventCategory "1"]
[SourceTitle "CBM 114 Extra"]
[Source "ChessBase"]
[SourceDate "2006.11.03"]
[SourceVersion "1"]
[SourceVersionDate "2006.11.03"]
[SourceQuality "1"]

1. e4 e5 2. Nf3 Nc6 3. Nc3 Nf6 4. Bb5 Bb4 5. 0-0 0-0 6. d3 d6 7. Bg5 Bxc3 8. bxc3 Qe7 9. Re1 Nd8 10. d4 Bg4 11. h3 Bh5 12. g4 Bg6 13. Bh4 Ne6 14. dxe5 dxe5 15. Nxe5 Qc5 16. Nxg6 hxg6 17. a4 g5 18. Bg3 Qxc3 19. Qd3 Qc5 20. Qc4 Qe7 21. a5 a6 22. Ba4 Rfd8 23. Rad1 Qa3 24. e5 Nh7 25. Bd7 Nhf8 26. Bxe6 Nxe6 27. Ra1 Qe7 28. Rab1 Rd4 29. Qc3 c6 30. Red1 Rad8 31. Rxd4 Rxd4 32. f3 Qd7 33. Re1 Qd5 34. h4 gxh4 35. Bxh4 Rd1 36. Bg3 Rxe1+ 37. Bxe1 Nd4 38. f4 Ne2+ 0-1

[Event "Budapest FS10 IM"]
[Site "Budapest"]
[Date "2006.10.12"]
[Round "6"]
[White "Revesz, Zoltan"]
[Black "Shanmugam, Ravindran"]
[Result "0-1"]
[WhiteElo "2212"]
[BlackElo "2156"]
[PlyCount "66"]
[EventDate "2006.10.07"]
[EventType "tourn"]
[EventRounds "13"]
[EventCountry "HUN"]
[EventCategory "1"]
[SourceTitle "CBM 114 Extra"]
[Source "ChessBase"]
[SourceDate "2006.11.03"]
[SourceVersion "1"]
[SourceVersionDate "2006.11.03"]
[SourceQuality "1"]

1. e4 e5 2. Nf3 Nc6 3. Nc3 Nf6 4. Bb5 Bb4 5. 0-0 0-0 6. d3 Bxc3 7. bxc3 d6 8. Re1 Ne7 9. d4 c6 10. Bf1 Ng6 11. g3 Re8 12. Nd2 c5 13. d5 h6 14. a4 Nh7 15. Bd3 Rf8 16. Nc4 f5 17. exf5 Bxf5 18. Bxf5 Rxf5 19. Qg4 Rf6 20. Rb1 Rb8 21. Qe4 Qd7 22. h4 Rbf8 23. Re2 Nf4 24. gxf4 Rxf4 25. Bxf4 Rxf4 26. Qd3 Qg4+ 27. Kf1 Qxh4 28. Ke1 Qh1+ 29. Kd2 Qxb1 30. Nxd6 Ng5 31. Nc4 Nf3+ 32. Ke3 Qc1+ 33. Nd2 Ng5 0-1

[Event "Budapest FS10 IM"]
[Site "Budapest"]
[Date "2006.10.08"]
[Round "2"]
[White "Revesz, Zoltan"]
[Black "Bednay, Bence"]
[Result "1/2-1/2"]
[WhiteElo "2212"]
[BlackElo "2268"]
[PlyCount "42"]
[EventDate "2006.10.07"]
[EventType "tourn"]
[EventRounds "13"]
[EventCountry "HUN"]
[EventCategory "1"]
[SourceTitle "CBM 114 Extra"]
[Source "ChessBase"]
[SourceDate "2006.11.03"]
[SourceVersion "1"]
[SourceVersionDate "2006.11.03"]
[SourceQuality "1"]

1. e4 c6 2. d4 d5 3. exd5 cxd5 4. c4 Nf6 5. Nc3 e6 6. Nf3 Bb4 7. cxd5 Nxd5 8. Qc2 Nc6 9. Bd3 h6 10. 0-0 0-0 11. a3 Ba5 12. Rd1 Bc7 13. Nxd5 exd5 14. Bh7+ Kh8 15. Bf5 Qf6 16. Bxc8 Raxc8 17. Qb3 Bb6 18. Qd3 Rfe8 19. Be3 Re7 20. Rac1 Rce8 21. b4 Re4 1/2-1/2

[Event "US Open-107"]
[Site "Chicago"]
[Date "2006.08.07"]
[Round "3"]
[White "Revesz, Zoltan"]
[Black "Cordova, Emilio"]
[Result "0-1"]
[WhiteElo "2212"]
[BlackElo "2434"]
[PlyCount "90"]
[EventDate "2006.08.05"]
[EventType "swiss"]
[EventRounds "9"]
[EventCountry "USA"]
[SourceTitle "CBM 113 Extra"]
[Source "ChessBase"]
[SourceDate "2006.09.14"]
[SourceVersion "1"]
[SourceVersionDate "2006.09.14"]
[SourceQuality "1"]

1. e4 c5 2. c3 Nc6 3. d4 d5 4. exd5 Qxd5 5. Nf3 Bg4 6. Be2 cxd4 7. cxd4 e6 8. Nc3 Qd6 9. Nb5 Qb8 10. h3 Bb4+ 11. Bd2 Bxf3 12. Bxf3 Bxd2+ 13. Qxd2 Nf6 14. Bxc6+ bxc6 15. Nc3 0-0 16. 0-0 Rd8 17. Na4 Qb5 18. Nc3 Qb4 19. Rfd1 c5 20. Ne2 Qxd2 21. Rxd2 e5 22. d5 Rxd5 23. Rxd5 Nxd5 24. Rc1 Rc8 25. Nc3 Nxc3 26. Rxc3 Kf8 27. Rc4 Ke7 28. b4 Kd6 29. bxc5+ Rxc5 30. Ra4 a5 31. g4 Kd5 32. f3 Kc6 33. Kg2 f6 34. Kg3 Kb5 35. Ra3 Kc4 36. Ra4+ Kd3 37. h4 g6 38. h5 gxh5 39. gxh5 f5 40. h6 Ke3 41. Ra3+ Ke2 42. Ra4 Rc6 43. Rxa5 Rg6+ 44. Kh4 Kxf3 45. Kh5 Kf4 0-1

[Event "World op 34th"]
[Site "Philadelphia"]
[Date "2006.07.03"]
[Round "6"]
[White "Revesz, Zoltan"]
[Black "Lopez, Bruci"]
[Result "0-1"]
[WhiteElo "2161"]
[BlackElo "2411"]
[PlyCount "116"]
[EventDate "2006.06.28"]
[EventType "swiss"]
[EventRounds "9"]
[EventCountry "USA"]
[SourceTitle "CBM 112 Extra"]
[Source "ChessBase"]
[SourceDate "2006.07.14"]
[SourceVersion "1"]
[SourceVersionDate "2006.07.14"]
[SourceQuality "1"]

1. e4 e5 2. Nf3 Nc6 3. Nc3 Nf6 4. Bb5 Nd4 5. Ba4 Bc5 6. Nxe5 0-0 7. Nd3 Bb6 8. e5 Ne8 9. Nd5 Qg5 10. Ne3 d6 11. f4 Qh4+ 12. g3 Qh3 13. c3 Nf5 14. Nf2 Nxe3 15. dxe3 Qe6 16. Nd3 Qd5 17. 0-0 Bh3 18. Rf2 Rd8 19. Qh5 Bd7 20. Nb4 Qa5 21. Bc2 h6 22. Qh4 c6 23. exd6 Nxd6 24. g4 Rfe8 25. Rf3 Nc4 26. Kf2 Qc5 27. Nd3 Qd5 28. b3 Nd6 29. c4 Ne4+ 30. Kg2 Qd6 31. Ne5 Rxe5 32. fxe5 Qxe5 33. Rb1 Ng5 34. Rf2 c5 35. Qg3 Bc6+ 36. Kf1 Qe7 37. e4 Nxe4 38. Qe3 Re8 39. Bxe4 Bxe4 40. Rbb2 Qd7 41. Rbd2 Qxg4 42. Qg3 h5 43. Bb2 Ba5 44. Qxg4 hxg4 45. Rd1 Bf3 46. Rc1 Rd8 47. Be5 Bd2 48. Rb1 f6 49. Bc7 Rd7 50. Bb8 a6 51. a3 Be3 52. Ra2 f5 53. b4 Be4 54. Re1 f4 55. bxc5 Bd3+ 56. Kg2 Rf7 57. Rxe3 fxe3 58. Bg3 Rf1 0-1

[Event "Balatonlelle op-B"]
[Site "Balatonlelle"]
[Date "2006.06.19"]
[Round "3.6"]
[White "Revesz, Zoltan"]
[Black "Brooke, John"]
[Result "1-0"]
[WhiteElo "2161"]
[BlackElo "2010"]
[PlyCount "81"]
[EventDate "2006.06.17"]
[EventType "swiss"]
[EventRounds "9"]
[EventCountry "HUN"]
[SourceTitle "EXT 2007"]
[Source "ChessBase"]
[SourceDate "2006.11.23"]
[SourceVersion "1"]
[SourceVersionDate "2006.11.23"]
[SourceQuality "1"]

1. e4 c5 2. c3 Nc6 3. d4 e5 4. dxe5 Nxe5 5. f4 Nc6 6. Nf3 Be7 7. Bc4 d6 8. 0-0 Nf6 9. Qe2 0-0 10. e5 Ne8 11. Rd1 Qc7 12. Na3 a6 13. e6 fxe6 14. Bxe6+ Bxe6 15. Qxe6+ Kh8 16. Nc4 Nd8 17. Qh3 Nf7 18. Ne3 Nf6 19. Ng5 Nxg5 20. fxg5 Ne4 21. Nd5 Qd8 22. Qe6 Nf2 23. Rf1 Bxg5 24. Rxf2 Bxc1 25. Rxf8+ Qxf8 26. Rxc1 Re8 27. Qg4 b5 28. Rf1 Qg8 29. Nf4 Qxa2 30. Qh5 Rb8 31. Ng6+ Kg8 32. Ne7+ Kh8 33. Qf5 h6 34. Ng6+ Kg8 35. Nf8 Rxf8 36. Qxf8+ Kh7 37. Qf5+ Kg8 38. Re1 Qf7 39. Qxf7+ Kxf7 40. Ra1 b4 41. cxb4 1-0

[Event "Balatonlelle op-B"]
[Site "Balatonlelle"]
[Date "2006.06.18"]
[Round "2.2"]
[White "Lukacs, Daniel"]
[Black "Revesz, Zoltan"]
[Result "1/2-1/2"]
[WhiteElo "1989"]
[BlackElo "2161"]
[PlyCount "26"]
[EventDate "2006.06.17"]
[EventType "swiss"]
[EventRounds "9"]
[EventCountry "HUN"]
[SourceTitle "EXT 2007"]
[Source "ChessBase"]
[SourceDate "2006.11.23"]
[SourceVersion "1"]
[SourceVersionDate "2006.11.23"]
[SourceQuality "1"]

1. Nf3 d5 2. d4 c5 3. e3 Nf6 4. c4 cxd4 5. exd4 e6 6. Nc3 Be7 7. Be2 0-0 8. 0-0 b6 9. Ne5 Bb7 10. Bf3 Ne4 11. Re1 f6 12. Nd3 f5 13. Nf4 Qd6 1/2-1/2

[Event "Budapest FS05 FM-A"]
[Site "Budapest"]
[Date "2006.05.08"]
[Round "3"]
[White "Revesz, Zoltan"]
[Black "Farkas, Laszlo"]
[Result "1-0"]
[WhiteElo "2161"]
[BlackElo "2058"]
[PlyCount "157"]
[EventDate "2006.05.06"]
[EventType "tourn"]
[EventRounds "11"]
[EventCountry "HUN"]
[SourceTitle "CBM 112 Extra"]
[Source "ChessBase"]
[SourceDate "2006.07.14"]
[SourceVersion "1"]
[SourceVersionDate "2006.07.14"]
[SourceQuality "1"]

1. e4 c5 2. c3 Nf6 3. e5 Nd5 4. Nf3 d6 5. d4 cxd4 6. cxd4 Nc6 7. a3 Bg4 8. Bc4 dxe5 9. dxe5 e6 10. Qe2 Qa5+ 11. Bd2 Qb6 12. Bxd5 exd5 13. b4 Nd4 14. Qd3 Bxf3 15. gxf3 Nc6 16. Nc3 a6 17. Nxd5 Rd8 18. Nxb6 Rxd3 19. Ke2 Rb3 20. Be3 Be7 21. Nd5 Bh4 22. Rhb1 Rxb1 23. Rxb1 0-0 24. f4 Rd8 25. Rd1 f5 26. exf6 Bxf6 27. Nxf6+ gxf6 28. Rxd8+ Nxd8 29. Kd3 Kf7 30. Kc4 Ke7 31. Kc5 Kd7 32. f5 Nc6 33. Kb6 Kc8 34. Kc5 Kd7 35. Bh6 Ne7 36. Bg7 Nxf5 37. Bxf6 Nd6 38. f3 Nc8 39. Kd5 Nb6+ 40. Kd4 Ke6 41. Be5 Nd7 42. f4 b6 43. Ke4 b5 44. f5+ Ke7 45. Bd4 Kd6 46. Bc5+ Kc6 47. Be7 Nb8 48. Ke5 Kd7 49. Bc5 Nc6+ 50. Kf6 Ke8 51. Ke6 Nd8+ 52. Kd6 Nf7+ 53. Kc6 Ne5+ 54. Kb6 Nc4+ 55. Kxa6 Nxa3 56. Bd4 Kf7 57. Bb2 Nc4 58. Bc1 Kf6 59. Kxb5 Nd6+ 60. Kc6 Nxf5 61. b5 Nd4+ 62. Kb6 Ke6 63. Be3 Nf5 64. Bf2 Kd7 65. Bg3 Nd4 66. Kc5 Nb3+ 67. Kd5 Na5 68. Be1 Nb7 69. Bb4 Kc7 70. Bc5 Kd7 71. h4 Kc7 72. Bd4 Na5 73. Ke6 Nc4 74. Kf6 Kd7 75. b6 Kc6 76. h5 Nd6 77. Bg1 Ne8+ 78. Kf7 Kd7 79. Bh2 1-0

[Event "Budapest FS05 FM-A"]
[Site "Budapest"]
[Date "2006.05.07"]
[Round "2"]
[White "Meszaros, Attila"]
[Black "Revesz, Zoltan"]
[Result "0-1"]
[WhiteElo "2045"]
[BlackElo "2161"]
[PlyCount "86"]
[EventDate "2006.05.06"]
[EventType "tourn"]
[EventRounds "11"]
[EventCountry "HUN"]
[SourceTitle "CBM 112 Extra"]
[Source "ChessBase"]
[SourceDate "2006.07.14"]
[SourceVersion "1"]
[SourceVersionDate "2006.07.14"]
[SourceQuality "1"]

1. Nf3 d5 2. d3 c5 3. Nbd2 Nc6 4. g3 e5 5. e4 Nf6 6. Bg2 Be7 7. 0-0 0-0 8. exd5 Nxd5 9. Nc4 f6 10. a3 Bg4 11. h3 Bh5 12. g4 Bf7 13. Nh4 g6 14. Nf3 Nf4 15. Bxf4 exf4 16. Qc1 Qc7 17. Ncd2 Qd7 18. Nb1 g5 19. Nc3 f5 20. Nh2 Be6 21. Qd1 Nd4 22. f3 Bf6 23. gxf5 Nxf5 24. Ng4 Bd4+ 25. Kh2 h5 26. Nf2 Ne3 27. Qd2 Nxf1+ 28. Rxf1 Bd5 29. Nxd5 Qxd5 30. b3 Bxf2 31. Qxf2 Rae8 32. h4 Qd4 33. hxg5 Qxf2 34. Rxf2 Rf5 35. Bh3 Rxg5 36. Bf1 Kg7 37. Rg2 Rxg2+ 38. Kxg2 Re1 39. d4 cxd4 40. Bd3 Kf6 41. Kf2 Rd1 42. Kg2 Kg5 43. Be4 Kh4 0-1